| 000 | 00537nam a2200169 a 4500 | ||
|---|---|---|---|
| 001 | 5382 | ||
| 003 | CDMR | ||
| 005 | 20130228165029.0 | ||
| 008 | 130130s2000||||||||||||||||||||||||||||d | ||
| 020 | _a8445329030 | ||
| 040 |
_aCDMR _bcat _cCDMR |
||
| 111 | 2 |
_93020 _aOutono Fotográfico _cOurense _d2000 |
|
| 245 | 1 | 0 |
_aOutono Fotográfico 2000 _b: I Certame Galego de Imaxe Artística Xuventude 2000 Fotografía |
| 260 |
_aOurense _c2000 _bXunta de Galicia |
||
| 500 | _aCatàleg de les exposicions de l'edició de l'any 2000 | ||
| 942 |
_cMON _2ddc |
||
| 999 |
_c5382 _d5382 |
||